000 00250 a2200097 4500
001 41796
100 _aCompton's
245 _aCompton's Pictured Encyclopedia & Fact Index (Vol-III)
260 _aChicago
_bF E Compton & Co.
_c
090 _c25907
_d25907
942 _aNUST-CAE
_cM
_c17677
999 _c276869
_d276869